000 00292nam a2200109Ia 4500
008 190216s9999||||xx |||||||||||||| ||und||
100 _aSherlekar S A
245 0 _aModern Business Organisation And Management
260 _bMcgraw-Hill International Edition
_c1982
300 _a942p
942 _cBK
999 _c5009
_d5009